Universales rotos, trampas desechas, valores sin alas. La problemática racial con el pensamiento caribeño /
El autor plantea el tema de la raza como un instrumento de dominación social en los últimos 500 años con el proceso de colonización y que ha sido instrumento de dominación social.
Saved in:
| Main Author: | |
|---|---|
| Format: | Unknown |
| Language: | Spanish |
| Subjects: | |
| Tags: |
Add Tag
No Tags, Be the first to tag this record!
|
MARC
| LEADER | 00000 a2200000 4500 | ||
|---|---|---|---|
| 008 | 160209s2013 cu ||||| |||| 00| b spa d | ||
| 040 | |a CIICLA - UCR |b spa | ||
| 100 | 1 | |a Valdés, Félix | |
| 245 | 1 | 0 | |a Universales rotos, trampas desechas, valores sin alas. La problemática racial con el pensamiento caribeño / |c Félix Valdés |
| 300 | |a 25-52 páginas | ||
| 520 | |a El autor plantea el tema de la raza como un instrumento de dominación social en los últimos 500 años con el proceso de colonización y que ha sido instrumento de dominación social. | ||
| 650 | 1 | 4 | |a DISCRIMINACION RACIAL |z REGION DEL CARIBE |
| 773 | 0 | |w CSIC000119004 |x 0047-1542 |d Santa Clara (Cuba), : Universidad Central "Marta Abreu" de Las Villas, 1958-. |t Islas |g Volumen 55, número 173, 25-52 páginas, 2013 |q 25-52 páginas | |
| 942 | |2 ddc |c ARC | ||
| 999 | |c 4573 |d 4573 | ||
